Quince presencias: 1915-1954

Guardat en:
Dades bibliogràfiques
Autor principal: Reyes, Alfonso (Autor)
Format: Llibre
Idioma:espanyol
Publicat: Ciudad de México Obregón 1955
Matèries:
Etiquetes: Afegir etiqueta
Sense etiquetes, Sigues el primer a etiquetar aquest registre!

MARC

LEADER 00000nam a2200000 a 4500
001 UCQ5191
003 CL-VaPUC
008 980925e19550000MX |||||||||||||||||spa|d
082 0 4 |a Me863  |b REY  |2 21 
100 0 |a Reyes, Alfonso  |e author  |9 357008 
245 1 0 |a Quince presencias: 1915-1954 
300 |a 190 p 
942 |c BK 
945 |d 19980925 00:00:00  |a crobeson 
260 |a Ciudad de México  |b Obregón  |c 1955 
650 0 |a Novelas mexicanas  |9 317570 
650 0 |a Literatura mexicana  |9 313097 
583 |a last modification  |c 19980925 00:00:00  |k Rodrigo Vera 
999 |c 275406  |d 275404 
952 |0 0  |1 0  |4 0  |6 ME_863_000000000000000_REY_1955  |7 0  |8 A  |9 312144  |a BIBEDU  |b BIBEDU  |d 2019-11-20  |i 1468936  |o Me863 REY 1955  |p 1468936  |r 2019-11-20  |w 2019-11-20  |y BK  |k LIT